Statistiques concernant TOP 55 cépages de vins en France

Cliquez ici pour prendre le quiz!

Statistiques générales

  • Ce quiz a été pris 754 fois
  • Le résultat moyen est 14 sur 55

Statistiques - réponses

CépageCouleurSurface (%)Surface (hectares)% Correct
Pinot noirrouge3.00%23 377
85%
Chardonnayblanc5.50%43 420
79%
Syrahrouge8.40%65 592
73%
Merlotrouge14.60%114 638
70%
Pinot grisgris0.40%3 016
69%
Cabernet sauvignonrouge6.20%48 439
67%
Grenacherouge10.60%82 796
61%
Cabernet francrouge4.20%33 171
60%
Pinot blancblanc0.10%1 172
56%
Rieslingblanc0.40%3 482
54%
Gamayrouge3.10%24 211
48%
Sauvignon blancblanc3.90%30 691
48%
Cheninblanc1.30%10 090
42%
Malbecrouge0.90%7 297
37%
Mourvèdrerouge1.20%9 170
36%
Gewurztraminerrosé0.40%3 473
35%
Viognierblanc0.90%6 656
33%
Pinot Meunierrouge0.20%1 468
32%
Carignanrouge4.10%31 724
30%
Ugni blancblanc10.90%85 158
29%
Cinsaultrouge2.40%18 588
28%
Petit verdotrouge0.20%1 371
28%
Sémillonblanc1.30%10 537
28%
Roussanneblanc0.30%2 128
27%
Marsanneblanc0.20%1 699
26%
Grenache blancblanc0.70%5 804
22%
Aligotéblanc0.30%1 969
21%
Melon de Bourgogneblanc1.10%8 756
21%
Sauvignon grisgris0.10%1 062
17%
Tannatrouge0.40%2 835
15%
Muscadelleblanc0.20%1 456
14%
Vermentinoblanc0.80%6 035
14%
Clairetteblanc0.30%2 097
13%
Grenache grisgris0.20%1 657
12%
Gros mansengblanc0.50%3 669
12%
Petit mansengblanc0.20%1 412
11%
Colombardblanc1.40%10 710
10%
Chasselasblanc0.10%1 051
9%
Négretterouge0.10%1 109
9%
Grolleaurouge0.30%2 080
7%
Niellucciorouge0.20%1 921
4%
Macabeublanc0.20%1 675
3%
Mauzacblanc0.20%1 654
3%
Muscat d'Alexandrieblanc0.30%2 467
3%
Muscat de Hambourgrouge0.40%2 990
3%
Sciaccarellorouge0.20%1 193
3%
Fer servadourouge0.20%1 571
2%
Aramonrouge0.20%1 193
1%
Auxerrois blancblanc0.30%2 479
1%
Caladocrouge0.60%4 646
1%
Hybrides DiversDivers0.40%2 950
1%
Marselanrouge0.70%5 568
1%
Muscat blanc à petits grainsblanc1.00%7 674
1%
Piquepoul blancblanc0.20%1 697
1%
Alicante Bouschetrouge0.30%2 542
0%

Distribution des résultats

Percentile par nombre de réponses

% des personnes avec chaque résultat

Votre développement - résultats

Vous n’avez pas pris ce quiz